Minneapolis City Council Members - Statistics

General Stats
  • This quiz has been taken 5 times
    4 since last reset
  • The average score is 8 of 13
Answer Stats
Ward Position Party Name % Correct
7 Council Member DFL Lisa Goodman
100%
10 Council Member DFL Aisha Chughtai
67%
12 Majority Leader DFL Andrew Johnson
67%
6 Council Member DFL Jamal Osman
67%
9 Council Member DFL Jason Chavez
67%
5 Council Member DFL Jeremiah Ellison
67%
13 Council Vice-President DFL Linea Palmisano
67%
3 Council Member DFL Michael Rainville
67%
2 Minority Leader DSA Robin Wonsley
67%
8 Council President DFL Andrea Jenkins
33%
1 Council Member DFL Elliott Payne
33%
11 Council Member DFL Emily Koski
33%
4 Council Member DFL LaTrisha Vetaw
33%
No matching quizzes found
Score Distribution
Percent of People with Each Score
Percentile by Number Answered
Your Score History
You have not taken this quiz since the last reset